चापटपोळी (Record no. 1264297)

MARC details
000 -LEADER
fixed length control field 00572nam a2200193Ia 4500
008 - FIXED-LENGTH DATA ELEMENTS--GENERAL INFORMATION
fixed length control field 151121s9999||||xx |||||||||||||| ||und||
082 ## - DEWEY DECIMAL CLASSIFICATION NUMBER
Classification number 814/कणेक
082 ## - DEWEY DECIMAL CLASSIFICATION NUMBER
Item number HNW-115576
100 ## - MAIN ENTRY--PERSONAL NAME
Personal name कणेकर शिरीष
245 ## - TITLE STATEMENT
Title चापटपोळी
260 ## - PUBLICATION, DISTRIBUTION, ETC. (IMPRINT)
Name of publisher, distributor, etc "दिलीप प्रकाशन, पुणे,"
260 ## - PUBLICATION, DISTRIBUTION, ETC. (IMPRINT)
Date of publication, distribution, etc 2014
300 ## - PHYSICAL DESCRIPTION
Extent 232
600 ## - SUBJECT ADDED ENTRY--PERSONAL NAME
Personal name कणेकर शिरीष
630 ## - SUBJECT ADDED ENTRY--UNIFORM TITLE
Uniform title चापटपोळी
700 ## - ADDED ENTRY--PERSONAL NAME
Personal name कणेकर शिरीष
730 ## - ADDED ENTRY--UNIFORM TITLE
Uniform title चापटपोळी
942 ## - ADDED ENTRY ELEMENTS (KOHA)
Koha item type Book
Holdings
Withdrawn status Lost status Damaged status Not for loan Home library Current library Date acquired Cost, normal purchase price Total Checkouts Full call number Barcode Date last seen Cost, replacement price Price effective from Koha item type
        Hirachand Nemchand Wachanalaya, Solapur Hirachand Nemchand Wachanalaya, Solapur 10/25/2014 250.00   HNW-115576 HNW-115576 11/21/2015 250.00 11/21/2015 Book